LEADER 00776nam0-2200289---450- 001 990000286790403321 005 20091209154405.0 035 $a000028679 035 $aFED01000028679 035 $a(Aleph)000028679FED01 035 $a000028679 100 $a20020821d1980----km-y0itay50------ba 101 0 $aeng 102 $aNL 105 $ay-------001yy 200 1 $a1979 annual report$fprepared by CONCAWE Secretariat 210 $aDen Haag$cCONCAWE$d1980 215 $a21 p.$d30 cm 225 1 $aCONCAWE report$v5-80 676 $a628 712 02$aCONCAWE$9 801 0$aIT$bUNINA$gRICA$2UNIMARC 901 $aBK 912 $a990000286790403321 952 $a04 090-156/62$bCI$fDINCH 959 $aDINCH 997 $aUNINA LEADER 02130nam0 2200385 i 450 001 SUN0051333 005 20180604015637.115 010 $a978-05-214-3213-9$d0.00 100 $a20060906d1994 |0engc50 ba 101 $aeng 102 $aGB 105 $a|||| ||||| 200 1 $aComputation with finitely presented groups$fCharles C. Sims 210 $aCambridge$cCambridge university$d1994 215 $aXIII, 604 p.$d24 cm. 410 1$1001SUN0023636$12001 $aEncyclopedia of mathematics and its applications$v48$1210 $aCambridge$cCambridge university$d1976-. 606 $a20-XX$xGroup theory and generalizations [MSC 2020]$2MF$3SUNC019715 606 $a68W30$xSymbolic computation and algebraic computation [MSC 2020]$2MF$3SUNC019771 606 $a20F10$xWord problems, other decision problems, connections with logic and automata (group-theoretic aspects) [MSC 2020]$2MF$3SUNC021294 606 $a68Q45$xFormal languages and automata [MSC 2020]$2MF$3SUNC021434 606 $a68Q42$xGrammars and rewriting systems [MSC 2020]$2MF$3SUNC023780 606 $a20F05$xGenerators, relations, and presentations of groups [MSC 2020]$2MF$3SUNC023858 606 $a20F19$xGeneralizations of solvable and nilpotent groups [MSC 2020]$2MF$3SUNC024029 606 $a20F18$xNilpotent groups [MSC 2020]$2MF$3SUNC024032 606 $a20F16$xSolvable groups, supersolvable groups [MSC 2020]$2MF$3SUNC024557 606 $a20D15$xNilpotent groups, $p$-groups [MSC 2020]$2MF$3SUNC029088 620 $dCambridge$3SUNL000024 700 1$aSims$b, Charles C.$3SUNV040304$0534958 712 $aCambridge university$3SUNV000097$4650 801 $aIT$bSOL$c20201019$gRICA 856 4 $uhttps://books.google.it/books?id=k6joymrqQqMC&pg=PR5&dq=9780521432139&hl=it&sa=X&ved=0ahUKEwj567zm-bnbAhWRLVAKHW7tBcMQ6AEIJzAA#v=onepage&q&f=false$zContents 912 $aSUN0051333 950 $aUFFICIO DI BIBLIOTECA DEL DIPARTIMENTO DI MATEMATICA E FISICA$d08PREST 20-XX 4070 $e08 1947 I 20060906 996 $aComputation with finitely presented groups$9911297 997 $aUNICAMPANIA LEADER 05141nam 2201597 a 450 001 9910455605603321 005 20210108111356.0 010 $a1-282-44526-X 010 $a9786612445262 010 $a0-472-02457-4 035 $a(CKB)2520000000006892 035 $a(OCoLC)608856077 035 $a(CaPaEBR)ebrary10360136 035 $a(SSID)ssj0000337989 035 $a(PQKBManifestationID)11273672 035 $a(PQKBTitleCode)TC0000337989 035 $a(PQKBWorkID)10294420 035 $a(PQKB)10897432 035 $a(MiAaPQ)EBC3414622 035 $a(EXLCZ)992520000000006892 100 $a20150424d2002|||| s|| | 101 0 $aeng 181 $ctxt 182 $cc 183 $acr 200 10$aFuture Medicine : Ethical Dilemmas, Regulatory Challenges, and Therapeutic Pathways to Health Care and Healing in Human Transformation $b[electronic resource] 210 $aAnn Arbor, MI, USA $cUniversity of Michigan Press$d20021101 210 $cUniversity of Michigan Press 215 $a1 online resource (370 p.) 300 $aBibliographic Level Mode of Issuance: Monograph 311 $a0-472-08889-0 606 $aMEDICAL$2bisac 606 $aEthics$2bisac 606 $aAlternative medicine$xMoral and ethical aspects 606 $aAlternative medicine$xLaw and legislation 606 $aHealth planning 606 $aMedical care 606 $aProfessional Misconduct 606 $aPublic Policy 606 $aSpirituality 606 $aEthics, Medical 606 $aComplementary Therapies 606 $aPrivacy 606 $aReligion and Medicine 606 $aDelivery of Health Care 606 $aBeneficence 606 $aBioethical Issues 606 $aGovernment Regulation 606 $aPatient Care Management 606 $aHealth Care Quality, Access, and Evaluation 606 $aSocial Control, Formal 606 $aSocial Control Policies 606 $aReligion and Psychology 606 $aEthics, Clinical 606 $aLegislation as Topic 606 $aReligion 606 $aEthics 606 $aPrinciple-Based Ethics 606 $aSocial Behavior 606 $aCivil Rights 606 $aTherapeutics 606 $aPolicy 606 $aPsychological Phenomena and Processes 606 $aHealth Care Economics and Organizations 606 $aHumanities 606 $aEthics, Professional 606 $aHuman Rights 606 $aBehavior 606 $aHealth Services Administration 606 $aSociology 606 $aHealth Care 606 $aAnalytical, Diagnostic and Therapeutic Techniques and Equipment 606 $aSocial Sciences 606 $aBehavior and Behavior Mechanisms 606 $aPhilosophy 606 $aPsychiatry and Psychology 606 $aAnthropology, Education, Sociology and Social Phenomena 606 $aAlternative Medicine$2HILCC 606 $aMedicine$2HILCC 606 $aHealth & Biological Sciences$2HILCC 615 7$aMEDICAL 615 7$aEthics 615 0$aAlternative medicine$xMoral and ethical aspects 615 0$aAlternative medicine$xLaw and legislation 615 0$aHealth planning 615 0$aMedical care 615 2$aProfessional Misconduct 615 2$aPublic Policy 615 2$aSpirituality 615 2$aEthics, Medical 615 2$aComplementary Therapies 615 2$aPrivacy 615 2$aReligion and Medicine 615 2$aDelivery of Health Care 615 2$aBeneficence 615 2$aBioethical Issues 615 2$aGovernment Regulation 615 2$aPatient Care Management 615 2$aHealth Care Quality, Access, and Evaluation 615 2$aSocial Control, Formal 615 2$aSocial Control Policies 615 2$aReligion and Psychology 615 2$aEthics, Clinical 615 2$aLegislation as Topic 615 2$aReligion 615 2$aEthics 615 2$aPrinciple-Based Ethics 615 2$aSocial Behavior 615 2$aCivil Rights 615 2$aTherapeutics 615 2$aPolicy 615 2$aPsychological Phenomena and Processes 615 2$aHealth Care Economics and Organizations 615 2$aHumanities 615 2$aEthics, Professional 615 2$aHuman Rights 615 2$aBehavior 615 2$aHealth Services Administration 615 2$aSociology 615 2$aHealth Care 615 2$aAnalytical, Diagnostic and Therapeutic Techniques and Equipment 615 2$aSocial Sciences 615 2$aBehavior and Behavior Mechanisms 615 2$aPhilosophy 615 2$aPsychiatry and Psychology 615 2$aAnthropology, Education, Sociology and Social Phenomena 615 7$aAlternative Medicine 615 7$aMedicine 615 7$aHealth & Biological Sciences 676 $a610 700 $aCohen$b Michael Howard$01047895 801 0$bPQKB 906 $aBOOK 912 $a9910455605603321 996 $aFuture Medicine : Ethical Dilemmas, Regulatory Challenges, and Therapeutic Pathways to Health Care and Healing in Human Transformation$92475797 997 $aUNINA LEADER 01134nam0-2200361---450 001 990009747450403321 005 20230605113708.0 010 $a88-7078-767-2 035 $a000974745 100 $a20130618d2002----km-y0itay50------ba 101 1 $aita$cfre 102 $aIT 105 $ay-------001yy 200 1 $aGenitori in esilio$epsicopatologia e migrazioni$fMarie Rose Moro$gpresentazione di Serge Lebovici$gprefazione di Tobie Nathan 210 $aMilano$cRaffaello Cortina$d2002 215 $aXXV, 202 p.$d23 cm 225 1 $aCollana di Psicologia clinica e psicoterapia$v151 454 0$12001$aParents en exil$948620 610 0 $aFanciulli immigrati$aPsicoterapia 610 0 $aEtnopsicologia 610 0 $aEtnopsicologia 676 $a618.928914 676 $a155.8$v23$zita 700 1$aMoro,$bMarie Rose$f<1961- >$0328579 702 1$aNathan,$bTobie 702 1$aLebovici,$bSerge$f<1915-2000> 801 0$aIT$bUNINA$gRICA$2UNIMARC 901 $aBK 912 $a990009747450403321 952 $a150.2550 MORM 02$bbibl.64054$fFLFBC 959 $aFLFBC 996 $aParents en exil$948620 997 $aUNINA LEADER 05481 am 2201201 n 450 001 9910286413003321 005 20171205 010 $a2-35723-108-4 024 7 $a10.4000/books.enc.1241 035 $a(CKB)4100000006675280 035 $a(FrMaCLE)OB-enc-1241 035 $a(oapen)https://directory.doabooks.org/handle/20.500.12854/48014 035 $a(PPN)230683479 035 $a(EXLCZ)994100000006675280 100 $a20180926j|||||||| ||| 0 101 0 $afre 135 $auu||||||m|||| 181 $ctxt$2rdacontent 182 $cc$2rdamedia 183 $acr$2rdacarrier 200 13$aLa France et les Français en Russie $eNouvelles sources et approches (1815-1917) /$fAnnie Charon, Bruno Delmas, Armelle Le Goff 210 $aParis $cPublications de l?École nationale des chartes$d2017 215 $a1 online resource (628 p.) 311 $a2-35723-019-3 330 $aDe Pierre le Grand à la seconde guerre mondiale, les relations de la France et de la Russie, tour à tour alliées ou opposées, ont toujours été importantes pour l?histoire de l?Europe, dans tous les domaines, tant politiques, diplomatiques, militaires, culturels, commerciaux ou industriels. Toutefois, l?historiographie française s?est principalement intéressé aux relations réciproques de ces deux états et des hommes au siècle des Lumières et, à l?opposé, d?autres chercheurs, avec des optiques diverses, ont travaillé sur la Russie depuis la révolution d?Octobre. En revanche, la période qui s?étend entre les révolutions de 1789 et de 1917, mis à part l?épisode napoléonien, était presque une terra incognita, tant du point de vue des sources conservées dans les deux pays que des recherches effectuées. C?est cette lacune que l?ouvrage publié ici comble largement. Un tableau des sources existantes, tant aux Archives nationales qu?au ministère des Affaires étrangère, est présenté en même temps qu?un aperçu sur les ressources des archives bancaires. Comment connaître la communauté française en Russie, conduire une recherche prosopographique ? Quels regards portaient les voyageurs français civils et militaires ? La culture française en Russie à travers l?édition, les bibliothèques et l?enseignement, mais aussi la formation de collections sont explorés, sans oublier le développement des études slaves en France. Les échanges économiques prennent un essor remarquable à partir du milieu du XIX? siècle, l?industrie précède la finance qui précède l?assurance. L?implantation des industriels, leurs réalisations sont remarquables ainsi que le rôle des industriels français dans le développement de l?industrie russe à la veille de la révolution d?Octobre. Dont le regard des assureurs nous donne une vision objective. 606 $aHistory 606 $aInternational Relations 606 $aXIXe siècle 606 $aculture 606 $aFrance 606 $aindustrie 606 $aart 606 $ahistoire 606 $aFrançais 606 $asource 606 $aXXe siècle 606 $aRussie 606 $aarchive 610 $aart 610 $ahistoire 610 $aindustrie 610 $aculture 610 $aXXe siècle 610 $aFrançais 610 $aarchive 610 $asource 610 $aRussie 610 $aFrance 610 $aXIXe siècle 615 4$aHistory 615 4$aInternational Relations 615 4$aXIXe siècle 615 4$aculture 615 4$aFrance 615 4$aindustrie 615 4$aart 615 4$ahistoire 615 4$aFrançais 615 4$asource 615 4$aXXe siècle 615 4$aRussie 615 4$aarchive 700 $aBalashova$b Tatiana$01290064 701 $aBarjot$b Dominique$0438302 701 $aBelhoste$b Jean-François$01283780 701 $aBerlioz$b Jacques$0153094 701 $aBreuil$b Xavier$01290065 701 $aBrookes$b N. Christine$01290066 701 $aCharon$b Annie$01234178 701 $aCras$b Jérôme$01290067 701 $aDartevelle$b Raymond$01290068 701 $aDelmas$b Bruno$0626354 701 $aD?Angio-Barros$b Agnès$01290069 701 $aGouzévitch$b Dmitri$01290070 701 $aGouzévitch$b Irina$01290071 701 $aGuelton$b Frédéric$01290072 701 $aKuzmina$b Svetlana$01290073 701 $aLe Goff$b Armelle$01290074 701 $aMagnien$b Agnès$01290075 701 $aMarkova$b Anna$01290076 701 $aMézin$b Anne$01288007 701 $aMilchina$b Véra$01290077 701 $aNicoud$b Guillaume$01290078 701 $aNougaret$b Roger$0250093 701 $aOrlov$b Alexandre$01290079 701 $aPark-Barjot$b Rang-Ri$01290080 701 $aPettinaroli$b Laura$0884084 701 $aPondopoulo$b Anna$01290081 701 $aRazvozzhaeva$b Elena$01290082 701 $aRey$b Camille$01290083 701 $aRjéoutski$b Vladislav$01290084 701 $aSilverman$b Willa Z$01290085 701 $aSomov$b Vladimir A$01290086 701 $aZaborov$b Piotr$01290087 701 $aZeisler$b Wilfried$01290088 701 $aCharon$b Annie$01234178 701 $aDelmas$b Bruno$0626354 701 $aLe Goff$b Armelle$01290089 801 0$bFR-FrMaCLE 906 $aBOOK 912 $a9910286413003321 996 $aLa France et les Français en Russie$93021333 997 $aUNINA